| 000 | 00497nam a22001817a 4500 | ||
|---|---|---|---|
| 999 |
_c6133 _d6133 |
||
| 003 | GBCCL | ||
| 005 | 20241126110556.0 | ||
| 008 | 180501b ||||| |||| 00| 0 eng d | ||
| 020 | _a087123372X | ||
| 040 | _cgbc | ||
| 082 |
_a289.94 _bCHR |
||
| 100 |
_aChristenson, Larry _910439 |
||
| 245 |
_aA message to the charismatic movement / _cLarry Christenson |
||
| 260 |
_aMinneapolis: _bBethany Fellowship, _c1972 |
||
| 300 |
_a119 p.; _c18 cm. |
||
| 650 |
_aPentecostalism _93004 |
||
| 942 |
_2ddc _cBK _01 |
||